[Event "Championnat de France - Open B"]
[Site "Val d'Isere"]
[Date "2002.08.31"]
[Round "10.1"]
[White "Favreau, Francois"]
[Black "Cantero, Jorge"]
[Result "1/2-1/2"]
[WhiteElo "1990"]
[BlackElo "1790"]
[PlyCount "61"]
[EventDate "2002.08.??"]
[SourceDate "2002.08.21"]

1. Nf3 Nf6 2. g3 d6 3. Bg2 c6 4. d3 h6 5. h3 Bf5 6. e4 Bh7 7. O-O e5 8. c3 Be7
9. Nh2 O-O 10. Qe2 Nbd7 11. f4 Re8 12. f5 Kh8 13. Be3 Bg8 14. Nd2 Nh7 15. h4
Nb6 16. a4 a5 17. Qf2 Nd7 18. Ndf3 Bf8 19. g4 Nc5 20. Rfd1 Qb6 21. Qd2 Qa6 22.
Qf2 Nxd3 23. Qd2 Nc5 24. Bf1 b5 25. axb5 cxb5 26. Bxc5 dxc5 27. Qd7 c4 28. Rd5
Rab8 29. Qc7 Nf6 30. Rdd1 Qb6+ 31. Qxb6 1/2-1/2

[Event "Championnat de France - Open B"]
[Site "Val d'Isere"]
[Date "2002.08.31"]
[Round "10.2"]
[White "Iwaszko, Piotr"]
[Black "Lejeune, Gael"]
[Result "1-0"]
[WhiteElo "2000"]
[BlackElo "1910"]
[PlyCount "67"]
[EventDate "2002.08.??"]
[SourceDate "2002.08.21"]

1. d4 c5 2. d5 Nf6 3. c4 d6 4. Nc3 g6 5. e4 Bg7 6. h3 O-O 7. Nf3 Na6 8. Bd3 e6
9. O-O exd5 10. cxd5 Nb4 11. Bb1 Re8 12. a3 Na6 13. Re1 h6 14. Bd3 Nc7 15. Bf4
a6 16. a4 b6 17. Qd2 g5 18. Be3 Nd7 19. Rad1 f6 20. Ne2 Ne5 21. Nxe5 fxe5 22.
Ng3 Rf8 23. Nh5 Qe8 24. Nxg7 Kxg7 25. h4 Qh5 26. hxg5 hxg5 27. Bxg5 Rh8 28. f3
Bg4 29. Kf2 Kg6 30. Be7 Kf7 31. fxg4 Qxg4 32. Qg5 Qxg5 33. Bxg5 Raf8 34. Kg1
1-0

[Event "Championnat de France - Open B"]
[Site "Val d'Isere"]
[Date "2002.08.31"]
[Round "10.3"]
[White "Louvrier-Saint-Mary, Jean-Roger"]
[Black "Zermiche, Cherif"]
[Result "1-0"]
[WhiteElo "2000"]
[BlackElo "1850"]
[PlyCount "52"]
[EventDate "2002.08.??"]
[SourceDate "2002.08.21"]

1. Nf3 c5 2. b3 g6 3. Bb2 Nf6 4. Bxf6 exf6 5. c4 Bg7 6. Nc3 O-O 7. Rc1 Nc6 8.
g3 d6 9. h4 Be6 10. Bg2 Ne7 11. O-O a6 12. d4 Qc8 13. Kh2 Rd8 14. d5 Bg4 15.
Nd2 Nf5 16. Nde4 Qc7 17. Qd2 Nd4 18. f3 Bd7 19. Qf4 Nf5 20. g4 Nxh4 21. Nxf6+
Kh8 22. Qg5 Nxg2 23. Kxg2 Bxf6 24. Qxf6+ Kg8 25. Rh1 Bc8 26. Rxh7 Bxg4 1-0

[Event "Championnat de France - Open B"]
[Site "Val d'Isere"]
[Date "2002.08.31"]
[Round "10.4"]
[White "Aymeric, Claude"]
[Black "Charbonnel, Jean-Jacques"]
[Result "1-0"]
[WhiteElo "1840"]
[BlackElo "1960"]
[PlyCount "137"]
[EventDate "2002.08.??"]
[SourceDate "2002.08.21"]

1. Nf3 Nf6 2. g3 g6 3. Bg2 Bg7 4. O-O O-O 5. d4 d6 6. c4 Nbd7 7. Nc3 e5 8. e4
c6 9. dxe5 dxe5 10. Qc2 Qe7 11. Rb1 Nh5 12. b4 f5 13. exf5 gxf5 14. Nh4 e4 15.
Nxf5 Rxf5 16. Bxe4 Rf8 17. Bxh7+ Kh8 18. Bg6 Nhf6 19. Bf4 Ne5 20. Bxe5 Qxe5 21.
Rfe1 Qc7 22. Ne4 Ng4 23. f4 Bd4+ 24. Kh1 Qg7 25. Ng5 Bb6 26. Ne6 Bxe6 27. Rxe6
Rad8 28. Rbe1 Bf2 29. Re7 Bxe1 30. Rxg7 Kxg7 31. Bh5 Nf2+ 32. Kg1 Nd3 33. Qe2
Bxb4 34. Qg4+ Kf6 35. Qg6+ Ke7 36. Bg4 Bc5+ 37. Kg2 Rd6 38. Qh7+ Rf7 39. Qh8 b5
40. cxb5 cxb5 41. Bh5 Bd4 42. Qa8 Bb6 43. Qb7+ Rd7 44. Qe4+ Kf8 45. Bxf7 Kxf7
46. Qf5+ Ke7 47. Qxb5 Nc5 48. Qe2+ Kf7 49. h4 Ne6 50. Qc4 Rd4 51. Qb3 Kf6 52.
Qb2 Kf5 53. Qc2+ Kf6 54. h5 Ba5 55. Qb2 Kf5 56. Qb5+ Kf6 57. Qxa5 Rd7 58. Qe5+
Kf7 59. Qf5+ Ke7 60. a4 Rd8 61. Qe5 Kf7 62. h6 Rd2+ 63. Kh3 Rd8 64. Kg4 Rg8+
65. Kf3 Rd8 66. Qh5+ Kg8 67. Qg6+ Kf8 68. Qxe6 Rd3+ 69. Kg4 1-0

[Event "Championnat de France - Open B"]
[Site "Val d'Isere"]
[Date "2002.08.31"]
[Round "10.5"]
[White "L'Huillier, Helene"]
[Black "Muller, Veronique"]
[Result "1-0"]
[WhiteElo "1780"]
[BlackElo "1880"]
[PlyCount "89"]
[EventDate "2002.08.??"]
[SourceDate "2002.08.21"]

1. d4 d5 2. c4 e6 3. Nf3 Nf6 4. Nc3 Be7 5. Bg5 O-O 6. e3 h6 7. Bh4 b6 8. Qc2
Bb7 9. cxd5 Nxd5 10. Bg3 c5 11. Rd1 Nxc3 12. bxc3 Qc8 13. Bd3 cxd4 14. cxd4
Bb4+ 15. Ke2 Qxc2+ 16. Bxc2 Nd7 17. Rb1 Ba6+ 18. Bd3 Bxd3+ 19. Kxd3 Be7 20.
Rhc1 Rfc8 21. a4 Nf6 22. e4 Ba3 23. Rxc8+ Rxc8 24. Ne5 Nh5 25. Nc4 Be7 26. a5
Nxg3 27. hxg3 Bd8 28. axb6 axb6 29. Rb2 Rb8 30. Ne5 Rb7 31. Nc6 Bc7 32. Kc4 b5+
33. Rxb5 Rxb5 34. Kxb5 Kf8 35. d5 exd5 36. exd5 Ke8 37. f4 f6 38. Nd4 g5 39.
Ne6 Bd6 40. Kc6 Ke7 41. Nd4 Bb4 42. Nf5+ Kd8 43. Nxh6 gxf4 44. gxf4 Bd2 45. Ng8
1-0